000 01480nac a22003491u 4500
003 EG-ScBUE
005 20250611095157.0
008 250611t1994 si a f b 000 0 eng d
020 _a9810215177
035 _a(OCoLC)31732314
040 _aEG-ScBUE
_beng
_erda
_cEG-ScBUE
_dEG-ScBUE
082 0 4 _a535.470287
_222
_bPRO
111 2 _aAdriatico Workshop on Quantum Interferometry
_d(1993 :
_cTrieste, Italy)
245 0 0 _aProceedings of the adriatico workshop on quantum interferometry :
_b2-5 March 1993, Trieste, Italy /
_ceditors F. De Martini, G. Denardo, A. Zeilinger.
246 3 0 _aQuantum interferometry
264 1 _aSingapore :
_bWorld Scientific Publishing Co.,
_c[1994]
264 4 _cc1994
300 _aix, 308 pages :
_billustrations ;
_c24 cm
336 _2rdacontent
_atext
_btxt
337 _aunmediated
_2rdamedia
_bn
338 _avolume
_bnc
_2rdacarrier
500 _aAt head of title: International Centre for Theoretical Physics, International Atomic Energy Agency, United Nations Educational Scientific and Cultural Organization
504 _aIncludes bibliographical references.
650 7 _aInterferometry
_xCongresses.
_2BUEsh
650 7 _aQuantum theory
_xCongresses.
_2BUEsh
650 7 _aSuperconducting quantum interference devices
_xCongresses.
_2BUEsh
655 _vReading book
700 1 _aDe Martini, Francesco,
_eeditor.
700 1 _aDenardo, G.
_q(Gallieno),
_d1935-
_eeditor.
700 1 _aZeilinger, Anton,
_eeditor.
942 _cBB
_2ddc
999 _c3107
_d3107